000 00226nam a2200097Ia 4500
008 190216s9999||||xx |||||||||||||| ||und||
100 _aDandekar V M
245 0 _aIndiayile Daridryam
260 _bKerala Basha Inst
942 _cBK
999 _c38795
_d38795